000 00879nam0a22002651 4500
001 v19\rc\1456627
005 20060620105124.8
035 _a(NLR Aleph) 004595833
090 _a2719414
_c2719414
100 _a20060620d1874 |||y0rusy50 ca
101 1 _arus
_ceng
102 _aRU
105 _ay z |||||
200 1 _aПредметные уроки по Шельдону
_eПер. с XIV-го американского изд. переводчиц детских книг
210 _aМосква
_cтип. А.И. Мамонтова и К°
_d1874
215 _aXX, 291 с.
_d20
702 1 _aШельдон
_bЭ. А.
_f1823-1897
_gЭдуард Аустин
_4100
801 0 _aRU
_bNLR
_gpsbo
801 0 _aRU
_bRuMoRGB
_2psbo
801 1 _aRU
_bProSoft-M
_2rusmarc
852 _aNLR
_j18.67.7.63
899 _aRuMoRGB
_jB 12/202
899 _aБАН
942 _cBOOK
980 _aNB